Computer Networking: a top down approach / (Record no. 48099)

000 -LEADER
fixed length control field nam a22 7a 4500
005 - DATE AND TIME OF LATEST TRANSACTION
control field 20170106115131.0
008 - FIXED-LENGTH DATA ELEMENTS--GENERAL INFORMATION
fixed length control field 170106b xxu||||| |||| 00| 0 eng d
020 ## - INTERNATIONAL STANDARD BOOK NUMBER
International Standard Book Number 9781292153599
040 ## - CATALOGING SOURCE
Transcribing agency DLC
082 ## - DEWEY DECIMAL CLASSIFICATION NUMBER
Classification number 004.6 KUR
100 ## - MAIN ENTRY--PERSONAL NAME
Personal name Keith W. Ross
245 ## - TITLE STATEMENT
Title Computer Networking: a top down approach /
Statement of responsibility, etc. James F. Kurose
250 ## - EDITION STATEMENT
Edition statement 7th ed.
260 ## - PUBLICATION, DISTRIBUTION, ETC.
Place of publication, distribution, etc. (Boston)
Name of publisher, distributor, etc. Pearson
Date of publication, distribution, etc. 2017
942 ## - ADDED ENTRY ELEMENTS (KOHA)
Source of classification or shelving scheme
Koha item type Book
Holdings
Withdrawn status Lost status Source of classification or shelving scheme Damaged status Not for loan Collection code Permanent Location Current Location Shelving location Date acquired Source of acquisition Total Checkouts Total Renewals Full call number Barcode Checked out Date last seen Date last checked out Price effective from Koha item type
            Central Library (CL) Central Library (CL) First Floor - Data Communication/Network/Architecture 01/06/2017 Allied Book Company 13 15 004.6 KUR SEECS013671 10/12/2025 09/12/2025 09/12/2025 01/06/2017 Book
            Central Library (CL) Central Library (CL) First Floor - Data Communication/Network/Architecture 01/06/2017 Allied Book Company 7 4 004.6 KUR SEECS013672 10/12/2025 09/12/2025 09/12/2025 01/06/2017 Book
            Central Library (CL) Central Library (CL) First Floor - Data Communication/Network/Architecture 07/25/2019   14 20 004.6 KUR CL-189   03/03/2026 09/23/2025 07/25/2019 Book
© 2023 Central Library, National University of Sciences and Technology. All Rights Reserved.